| 000 | 00676nam a2200217 u 4500 | ||
|---|---|---|---|
| 005 | 20240228063908.0 | ||
| 008 | 071009s2005 mx r 000 0 spa d | ||
| 020 | _a9681673751 | ||
| 035 | _aUPN01000152779 | ||
| 049 | _aI | ||
| 050 | 4 |
_aPZ71 _bB7.5 |
|
| 100 | 1 |
_aBrowne, Anthony Edward Tudor, _d1946- _935823 |
|
| 245 | 1 | 0 |
_aMi mamá / _cAnthony Browne ; tr. Andrea Fuentes Silva. |
| 260 |
_aMéxico : _bFCE, _c2005. |
||
| 300 |
_a[22] p. : _bil. col. |
||
| 440 | 4 | _aLos especiales de A la orilla del viento | |
| 534 |
_pTítulo original: _tMy mum |
||
| 650 | 4 |
_aLibros y lectura para niños _92290 |
|
| 650 | 4 |
_aMADRES - _vLITERATURA INFANTIL _912236 |
|
| 905 | _aInfantil | ||
| 999 |
_c124902 _d124902 |
||